Statistics for Classic Shooter Games

Click here to take the quiz!

General Stats

  • This quiz has been taken 29 times
  • The average score is 9 of 14

Answer Stats

Descrption/HintYearAnswer% Correct
Half-Life mod, Terrorists vs Counter-Terrorists1999Counter-Strike
96%
Demons, First Internet Based Online Shooter1993Doom
96%
Travel to Xen to kill the Nihilanth teleporting aliens to Black Mesa1998Half-Life
92%
N64 Shooter known for the "Golden Gun" and keeping kids up at night with friends1997GoldenEye 007
81%
Stop Invasion of Earth by collection 4 different runes of the realms entered from the Slipgate1996Quake
77%
Quake Mod with Class Based Multiplayer, later bought by Valve1999Team Fortress
77%
Shoot Rows of Aliens while hiding behind 4 breakable shields1978Space Invaders
69%
First FPS Game, Mecha-Hitler1992Wolfenstein 3D
69%
Save the Human race from the Combine after a 7 hour war earth before the Protagonists arrival2004Half-Life 2
50%
M-M-M-Monster Kill1999Unreal Tournament
46%
Stop Dr. Proton's army of robots to save the world1996Duke Nukem
42%
Fly a Star Fighter and destroy Insect Like enemies1981Galaga
38%
Dark Fantasy FPS, 3 soldiers sent to Destroy Korax in the realm Cronos1995Hexen: Beyond Heretic
35%
Hacker wakes up from coma on infested spaceship1994System Shock
35%

Score Distribution

Percentile by Number Answered

Percent of People with Each Score

Your Score History

You have not taken this quiz